[Event "37th Chess Olympiad: Women"]
[Site "Turin ITA"]
[Date "2006.05.27"]
[EventDate "2006.05.21"]
[Round "6"]
[Result "1-0"]
[White "Kubra Ozturk"]
[Black "Shakhnoza Khamrakulova"]
[WhiteElo "2034"]
[BlackElo "2032"]
[PlyCount "83"]

1. c4 Nf6 2. Nc3 e6 3. d4 d5 4. e3 Be7 5. Nf3 O-O 6. Bd3 b6
7. O-O Bb7 8. b3 Nbd7 9. Bb2 Ne4 10. Qc2 f5 11. Rac1 c5
12. Rfd1 Qe8 13. cxd5 exd5 14. dxc5 Ndxc5 15. Bb5 Qg6 16. Nxd5
Bxd5 17. Rxd5 f4 18. Ne5 Qh6 19. exf4 Qxf4 20. Rf1 a6 21. Bc4
Kh8 22. Qe2 Rf5 23. Bc1 Qh4 24. g3 Qh3 25. Qg4 Qxg4 26. Nxg4
Rf3 27. b4 Rc3 28. Ne3 Nf6 29. bxc5 Nxd5 30. Bxd5 Rc8 31. c6
b5 32. Bg2 Bg5 33. h4 Bd8 34. Bb2 Rc5 35. Bd4 Rh5 36. Bf3 Rh6
37. Nf5 Rg6 38. h5 Rg5 39. Nxg7 Kg8 40. Ne6 Rf5 41. Kg2 Bf6
42. g4 1-0

[Event "37th Chess Olympiad: Women"]
[Site "Turin ITA"]
[Date "2006.05.29"]
[EventDate "2006.05.21"]
[Round "8"]
[Result "0-1"]
[White "Silje Bjerke"]
[Black "Kubra Ozturk"]
[WhiteElo "2161"]
[BlackElo "2034"]
[PlyCount "120"]

1. d4 Nf6 2. c4 e6 3. Nc3 Bb4 4. Qc2 O-O 5. a3 Bxc3+ 6. Qxc3
b6 7. Bg5 Ba6 8. e3 d6 9. Nf3 Nbd7 10. Bd3 c5 11. O-O Rc8
12. Rac1 h6 13. Bh4 cxd4 14. exd4 b5 15. b3 bxc4 16. bxc4 e5
17. dxe5 dxe5 18. Nd2 Nc5 19. Bf5 Rc6 20. Rfd1 Rd6 21. Qc2 Bb7
22. Nb3 Qb6 23. Rxd6 Qxd6 24. Nxc5 Qxc5 25. Bxf6 gxf6 26. Qb3
Qc6 27. Qg3+ Kh8 28. Qh3 Kg7 29. Rc3 Rd8 30. Rg3+ Kf8
31. Qxh6+ Ke7 32. h3 Qxc4 33. Qe3 Rd4 34. Qb3 Qxb3 35. Rxb3
Bd5 36. Rb5 a6 37. Rc5 Kd6 38. Rc3 Rf4 39. Bd3 a5 40. f3 f5
41. Be2 Rd4 42. Kf2 Rh4 43. Kg3 Rh8 44. Rc1 f4+ 45. Kf2 f5
46. Rd1 Kc5 47. Rc1+ Kd4 48. Rd1+ Kc5 49. Rc1+ Kd6 50. Rd1 Ke6
51. Rb1 e4 52. Rb6+ Ke5 53. Rb5 e3+ 54. Kg1 Rc8 55. Rb2 Kd4
56. Kh2 Bc4 57. Bd1 Bd3 58. Rb7 Rc1 59. Rd7+ Kc3 60. Ba4 e2
0-1

[Event "37th Chess Olympiad: Women"]
[Site "Turin ITA"]
[Date "2006.05.31"]
[EventDate "2006.05.21"]
[Round "10"]
[Result "1/2-1/2"]
[White "Kubra Ozturk"]
[Black "Irina Ostry"]
[WhiteElo "2034"]
[BlackElo "2182"]
[PlyCount "176"]

1. c4 e5 2. Nc3 Nf6 3. Nf3 Nc6 4. d3 d5 5. cxd5 Nxd5 6. g3 Be7
7. Bg2 Nb6 8. O-O O-O 9. Bd2 Bg4 10. Rc1 Qd7 11. Ne4 Rad8
12. Be3 Bh3 13. Nc5 Bxc5 14. Bxc5 Bxg2 15. Kxg2 Rfe8 16. Qc2
Nd5 17. Rfd1 b6 18. Be3 Nd4 19. Bxd4 exd4 20. Nxd4 Nb4 21. Qb3
c5 22. Nf3 Nd5 23. e3 Re6 24. d4 h6 25. dxc5 bxc5 26. Kg1 Rb6
27. Qc2 Rd6 28. Qxc5 Qf5 29. Nh4 Qf6 30. Rd4 g5 31. Ng2 Nb6
32. Rxd6 Rxd6 33. Qc3 Qxc3 34. bxc3 Rd2 35. h4 Rxa2 36. c4 Ra4
37. c5 Rc4 38. Rxc4 Nxc4 39. Ne1 a5 40. Nc2 Kf8 41. Kf1 Nd2+
42. Ke2 Ne4 43. c6 Ke7 44. Na3 a4 45. Nb5 Nd6 46. c7 Nc8
47. Kd3 Kd7 48. Kc4 gxh4 49. gxh4 a3 50. Nxa3 Kxc7 51. Kd5 Kd7
52. Nc4 Ne7+ 53. Ke4 Ke6 54. Kf4 Kf6 55. Kg4 Kg6 56. h5+ Kf6
57. e4 Nc6 58. f4 Nd4 59. f5 Ke7 60. e5 Nc6 61. Kf4 Nd4
62. Ne3 Ne2+ 63. Kf3 Nd4+ 64. Ke4 Ne2 65. Nd5+ Kf8 66. Kf3
Nd4+ 67. Kg4 Kg7 68. f6+ Kh7 69. Ne7 Ne6 70. Kf5 Ng5 71. Nd5
Kg8 72. Nf4 Kh7 73. e6 fxe6+ 74. Nxe6 Nf7 75. Nf8+ Kg8 76. Nd7
Nd8 77. Kg6 Nf7 78. Nb6 Kf8 79. Nd5 Kg8 80. Ne3 Ne5+ 81. Kxh6
Kf7 82. Nd5 Nf3 83. Kh7 Ng5+ 84. Kh8 Ne4 85. h6 Ng5 86. Ne3
Kxf6 87. Kg8 Kg6 88. Ng4 Kh5 1/2-1/2

[Event "37th Chess Olympiad: Women"]
[Site "Turin ITA"]
[Date "2006.06.02"]
[EventDate "2006.05.21"]
[Round "11"]
[Result "1/2-1/2"]
[White "Bella Igla"]
[Black "Kubra Ozturk"]
[WhiteElo "2288"]
[BlackElo "2034"]
[PlyCount "121"]

1. d4 d5 2. c4 c6 3. Nc3 Nf6 4. Nf3 a6 5. a4 Bf5 6. e3 e6
7. Be2 Nbd7 8. O-O Bd6 9. b3 O-O 10. Bb2 Ne4 11. Na2 a5
12. Nc1 Qf6 13. Nd3 Qh6 14. Nde5 Rad8 15. cxd5 exd5 16. g3 Bh3
17. Re1 Bb4 18. Qc1 Bxe1 19. Qxe1 f6 20. Nxd7 Rxd7 21. Ba3 Re8
22. Nh4 Rf7 23. Ng2 Bxg2 24. Kxg2 f5 25. Bc1 Qe6 26. Bd3 g5
27. f3 Nd6 28. Ra2 g4 29. Rf2 gxf3+ 30. Rxf3 b6 31. Rf4 Ne4
32. Qe2 c5 33. dxc5 bxc5 34. Bb5 Ree7 35. Qe1 Nd6 36. Be2 d4
37. Qxa5 Qxb3 38. Qxc5 Qa2 39. Qxd6 Qxe2+ 40. Rf2 Qg4 41. Qd8+
Kg7 42. Qxd4+ Qxd4 43. exd4 Ra7 44. Ra2 Kf6 45. Bd2 Rfb7
46. a5 Ra6 47. Kf3 Rb3+ 48. Ke2 Ke6 49. Rc2 Kd5 50. Rc7 Kxd4
51. Rxh7 Re6+ 52. Kd1 Ra3 53. Rd7+ Ke4 54. Ke2 Ra2 55. Rd3 Ra6
56. Re3+ Kd5 57. h4 R6xa5 58. h5 Ra6 59. Rf3 Ke4 60. Re3+ Kd4
61. Rf3 1/2-1/2

[Event "37th Chess Olympiad: Women"]
[Site "Turin ITA"]
[Date "2006.06.03"]
[EventDate "2006.05.21"]
[Round "12"]
[Result "0-1"]
[White "Liliana Burijovich"]
[Black "Kubra Ozturk"]
[WhiteElo "2204"]
[BlackElo "2034"]
[PlyCount "124"]

1. e4 c6 2. d4 d5 3. Nd2 dxe4 4. Nxe4 Bf5 5. Ng3 Bg6 6. h4 h6
7. Nf3 Nd7 8. h5 Bh7 9. Bd3 Bxd3 10. Qxd3 e6 11. Bd2 Qc7
12. Qe2 Ngf6 13. O-O-O O-O-O 14. Ne5 Nb6 15. c4 Rxd4 16. Be3
Rxd1+ 17. Rxd1 Bb4 18. Bxb6 axb6 19. f4 Bd6 20. Kb1 Rd8
21. Rf1 Qe7 22. Qf3 Nd7 23. Nd3 Nc5 24. Nxc5 bxc5 25. Ne4 f5
26. Nc3 Bc7 27. g3 Rd4 28. Re1 Qd6 29. Qe2 Rd3 30. Qxe6+ Qxe6
31. Rxe6 Rxg3 32. Re7 Bxf4 33. Na4 Be3 34. Nb6+ Kb8 35. Rf7 f4
36. Nd7+ Ka7 37. Ne5 Ka6 38. Kc2 Bd4 39. Nd3 f3 40. Kd2 Rg2+
41. Ke1 Rg1+ 42. Kd2 Rf1 43. Rf5 f2 44. Ke2 Rb1 45. b3 Ra1
46. a4 Ra2+ 47. Kf1 Ra1+ 48. Ke2 b5 49. axb5+ cxb5 50. Rf8
bxc4 51. bxc4 Ra2+ 52. Kf1 Rd2 53. Rf3 Rc2 54. Rf4 Kb6 55. Rf8
Rxc4 56. Rb8+ Kc7 57. Rf8 Rc2 58. Rf4 Rd2 59. Rf3 c4 60. Rf7+
Kd6 61. Nb4 Rd1+ 62. Ke2 Re1+ 0-1

[Event "Mediterreanean Championships"]
[Site "Cannes FRA"]
[Date "2007.02.18"]
[EventDate "2007.02.18"]
[Round "1"]
[Result "1/2-1/2"]
[White "Kubra Ozturk"]
[Black "Tristan Calistri"]
[WhiteElo "2131"]
[BlackElo "2381"]
[PlyCount "137"]

1. d4 Nf6 2. Nf3 g6 3. g3 Bg7 4. Bg2 O-O 5. O-O d6 6. c4 Nc6
7. Nc3 a6 8. h3 Bd7 9. e4 e5 10. Be3 exd4 11. Nxd4 Re8 12. Rc1
Qc8 13. Kh2 Re5 14. g4 Re8 15. Kg1 h5 16. f3 hxg4 17. hxg4 Ne5
18. Nd5 Nxd5 19. cxd5 c5 20. dxc6 bxc6 21. Qd2 Qb7 22. Rfd1
Rad8 23. Nb3 Be6 24. Na5 Qb5 25. b3 c5 26. a4 Qb6 27. b4 Qxb4
28. Qxb4 cxb4 29. Rb1 d5 30. Nb7 Rb8 31. exd5 Bxd5 32. Nd6
Bxf3 33. Nxe8 Bxd1 34. Nxg7 Bc2 35. Rf1 Kxg7 36. Bd4 f6 37. g5
Bf5 38. gxf6+ Kxf6 39. Re1 Re8 40. a5 Bd7 41. Bf1 Kf5 42. Bh3+
Ng4 43. Rb1 Rb8 44. Bb6 Kg5 45. Rxb4 Re8 46. Bxg4 Bxg4 47. Kf2
Kh4 48. Rb2 Re5 49. Kg2 Rf5 50. Bf2+ Kh5 51. Bb6 g5 52. Rf2
Rb5 53. Rc2 Rb3 54. Bf2 Bf3+ 55. Kh2 Ra3 56. Be1 Kg4 57. Rc4+
Kh5 58. Rc3 Ra2+ 59. Kg3 Be4 60. Rc5 Ra3+ 61. Kf2 Kg4 62. Bd2
Rf3+ 63. Ke1 Bf5 64. Rc4+ Kh5 65. Rc3 Bd3 66. Bxg5 Kxg5
67. Kd2 Be4 68. Rxf3 Bxf3 69. Kc3 1/2-1/2

[Event "Mediterreanean Championships"]
[Site "Cannes FRA"]
[Date "2007.02.18"]
[EventDate "2007.02.18"]
[Round "2"]
[Result "1/2-1/2"]
[White "Monica Calzetta Ruiz"]
[Black "Kubra Ozturk"]
[WhiteElo "2352"]
[BlackElo "2131"]
[PlyCount "41"]

1. e4 c6 2. d4 d5 3. exd5 cxd5 4. c4 Nf6 5. Nc3 e6 6. Nf3 Nc6
7. cxd5 Nxd5 8. Bd3 Be7 9. O-O O-O 10. Re1 Bf6 11. Be4 Nce7
12. Qd3 g6 13. Bh6 Bg7 14. Qd2 b6 15. h4 Bb7 16. h5 Bc6
17. Bxg7 Kxg7 18. Ne5 Rc8 19. Ng4 Ng8 20. hxg6 hxg6 21. Bxd5
1/2-1/2

[Event "Mediterreanean Championships"]
[Site "Cannes FRA"]
[Date "2007.02.20"]
[EventDate "2007.02.18"]
[Round "4"]
[Result "1-0"]
[White "Mikhail Gurevich"]
[Black "Kubra Ozturk"]
[WhiteElo "2635"]
[BlackElo "2131"]
[PlyCount "95"]

1. e4 c6 2. Nc3 d5 3. d4 dxe4 4. Nxe4 Bf5 5. Ng3 Bg6 6. N1e2
e6 7. Nf4 Bd6 8. Nxg6 hxg6 9. Ne4 Be7 10. g3 Nf6 11. Bg2 Nbd7
12. Ng5 Nd5 13. h4 N7f6 14. O-O Qd7 15. c4 Nb6 16. b3 Rd8
17. Bb2 O-O 18. Qe2 Rfe8 19. Rad1 Qc7 20. Rd3 Nbd7 21. Rfd1
Nf8 22. Nf3 c5 23. Ne5 N8d7 24. dxc5 Nxc5 25. Rd4 Rxd4
26. Bxd4 Rd8 27. Bf3 Nfd7 28. Kg2 Bf6 29. b4 Na6 30. a3 Nab8
31. c5 Nf8 32. Qe4 Rxd4 33. Rxd4 Bxe5 34. Rd3 Nc6 35. b5 Ne7
36. b6 axb6 37. cxb6 Qc2 38. Rd8 Qxe4 39. Bxe4 Nd5 40. Bxd5
exd5 41. a4 f6 42. f4 Bd4 43. a5 Kf7 44. Rxd5 Bxb6 45. axb6
Ke6 46. Rc5 Nd7 47. Rc7 Nxb6 48. Rxg7 1-0

[Event "Mediterreanean Championships"]
[Site "Cannes FRA"]
[Date "2007.02.21"]
[EventDate "2007.02.18"]
[Round "5"]
[Result "0-1"]
[White "Kubra Ozturk"]
[Black "Yelena Dembo"]
[WhiteElo "2131"]
[BlackElo "2469"]
[PlyCount "72"]

1. d4 Nf6 2. Nf3 g6 3. g3 Bg7 4. Bg2 O-O 5. O-O d6 6. c4 Nc6
7. Nc3 a6 8. d5 Na5 9. Nd2 c5 10. Qc2 Rb8 11. b3 b5 12. Bb2 e5
13. e4 Nh5 14. Rab1 f5 15. Qd3 bxc4 16. bxc4 Bh6 17. Bc1 Rb4
18. Ne2 Nf6 19. f3 Qb6 20. Nb3 Bxc1 21. Rfxc1 Nxb3 22. Rxb3
Bd7 23. Rbb1 Rb8 24. Nc3 Qa5 25. Qd2 Kg7 26. Bf1 Qa3 27. Bd3
fxe4 28. fxe4 Bh3 29. Rxb4 cxb4 30. Nd1 b3 31. axb3 Rxb3
32. Nf2 Qc5 33. Bc2 Rf3 34. Qe2 Qa3 35. Nxh3 Qxc1+ 36. Kg2 Re3
0-1

[Event "Mediterreanean Championships"]
[Site "Cannes FRA"]
[Date "2007.02.23"]
[EventDate "2007.02.18"]
[Round "7"]
[Result "0-1"]
[White "Kubra Ozturk"]
[Black "Essam El Gindy"]
[WhiteElo "2131"]
[BlackElo "2523"]
[PlyCount "82"]

1. d4 Nf6 2. Nf3 e6 3. c4 Bb4+ 4. Nbd2 O-O 5. a3 Be7 6. g3 b6
7. Bg2 Bb7 8. O-O c5 9. dxc5 bxc5 10. Qc2 Nc6 11. Rd1 Qb6
12. e4 d6 13. b3 a5 14. Bb2 e5 15. Rab1 Rfe8 16. Qd3 Qc7
17. Nf1 Nd4 18. N3d2 Bf8 19. Ne3 g6 20. b4 axb4 21. axb4 Ra7
22. b5 Ra4 23. Ra1 Rea8 24. Rxa4 Rxa4 25. Ra1 Rxa1+ 26. Bxa1
Qa5 27. Bb2 Bh6 28. h3 Qb4 29. Ba3 Qa4 30. Kh2 Nd7 31. Bb2 Nb6
32. Bxd4 cxd4 33. Nef1 Qb4 34. Bf3 Na4 35. Be2 Nc5 36. Qc2 Qa3
37. Nb1 Qa8 38. f3 Qa5 39. Nbd2 Qa1 40. Nb1 f5 41. exf5 e4 0-1

[Event "European Individual Championships (Women)"]
[Site "Dresden GER"]
[Date "2007.04.03"]
[EventDate "2007.04.03"]
[Round "1"]
[Result "1-0"]
[White "Carmen Voicu-Jagodzinsky"]
[Black "Kubra Ozturk"]
[WhiteElo "2359"]
[BlackElo "2131"]
[PlyCount "67"]

1. e4 c6 2. d4 d5 3. Nc3 dxe4 4. Nxe4 Bf5 5. Nc5 b6 6. Nb3 e6
7. Nf3 Nf6 8. g3 Bd6 9. Bg2 O-O 10. O-O Qc7 11. Nbd2 b5 12. b3
Nbd7 13. Bb2 Rac8 14. c4 Rfd8 15. Qe2 a6 16. Rfe1 Qb8 17. Ne5
Nxe5 18. dxe5 Bb4 19. Red1 Bd3 20. Qf3 Ne8 21. Ne4 bxc4
22. bxc4 Bc2 23. Rxd8 Rxd8 24. Ng5 Bg6 25. Ne4 Qb6 26. Qb3
Bxe4 27. Bxe4 Rd2 28. Rf1 Bc5 29. Qxb6 Bxb6 30. Bc3 Rxa2
31. Rb1 Bxf2+ 32. Kf1 f5 33. Bxc6 Nc7 34. Rb8+ 1-0

[Event "European Individual Championships (Women)"]
[Site "Dresden GER"]
[Date "2007.04.04"]
[EventDate "2007.04.03"]
[Round "2"]
[Result "0-1"]
[White "Kubra Ozturk"]
[Black "Irina Sudakova"]
[WhiteElo "2131"]
[BlackElo "2381"]
[PlyCount "112"]

1. d4 d5 2. Nf3 c6 3. g3 Nf6 4. Bg2 Bg4 5. h3 Bh5 6. O-O Nbd7
7. Nbd2 e6 8. c4 Be7 9. a3 O-O 10. Qb3 b6 11. Re1 Rc8 12. Ne5
Nxe5 13. dxe5 Nd7 14. cxd5 cxd5 15. Nf3 Qc7 16. Bf4 Qc4
17. Qe3 Qc2 18. b4 Qc3 19. g4 Qxe3 20. Bxe3 Bg6 21. Rec1 h5
22. Bd4 hxg4 23. hxg4 f6 24. Bb2 fxe5 25. Nxe5 Nxe5 26. Bxe5
Bf6 27. Bxf6 gxf6 28. a4 a5 29. bxa5 bxa5 30. Bf1 Bc2 31. e3
Rc3 32. Bb5 Kf7 33. Kf1 Rfc8 34. Ke1 Be4 35. Rxc3 Rxc3 36. Ra2
e5 37. Kd2 d4 38. Be2 Ke7 39. exd4 exd4 40. f4 Rg3 41. Rb2 Ra3
42. Bd1 Rh3 43. g5 fxg5 44. fxg5 Kf7 45. Rb6 Rh2+ 46. Kc1 d3
47. Rd6 Rg2 48. Rd4 Bf5 49. Rd5 Kg6 50. Bf3 Rc2+ 51. Kb1 Rf2
52. Bd1 Kxg5 53. Rxa5 Kf4 54. Rd5 Rf1 55. Kc1 Ke3 56. Kb2 Be4
0-1

[Event "European Individual Championships (Women)"]
[Site "Dresden GER"]
[Date "2007.04.05"]
[EventDate "2007.04.03"]
[Round "3"]
[Result "0-1"]
[White "Kristina Apanaviciute"]
[Black "Kubra Ozturk"]
[WhiteElo "2014"]
[BlackElo "2131"]
[PlyCount "114"]

1. e4 c5 2. Nc3 Nc6 3. g3 g6 4. Bg2 Bg7 5. d3 d6 6. Be3 Nf6
7. h3 Rb8 8. Qd2 e5 9. Bh6 O-O 10. Bxg7 Kxg7 11. Nf3 Nd4
12. Ne2 b5 13. c3 Ne6 14. O-O c4 15. b4 Bb7 16. Rad1 Qc7
17. Nh4 Rbd8 18. f4 cxd3 19. Qxd3 Qc6 20. f5 Ng5 21. Kh2 Ngxe4
22. g4 g5 23. Nf3 h6 24. Nd2 d5 25. Nb3 Qb6 26. Rde1 a6
27. Ng3 Nxg3 28. Qxg3 e4 29. Nc5 Bc8 30. Qe3 Qd6+ 31. Kh1 Rfe8
32. Rd1 Qe5 33. Rd4 Nd7 34. Nxd7 Bxd7 35. a3 f6 36. Rfd1 Be6
37. Rxe4 Qc7 38. Qf2 dxe4 39. Qe3 Rd4 40. cxd4 Qf4 41. Re1 Bd5
42. Kg1 Qxe3+ 43. Rxe3 Rc8 44. Kf2 Rc4 45. Ke1 Rxd4 46. Rc3
Bc4 47. Re3 Kf7 48. Kf2 Ke7 49. h4 Kd6 50. hxg5 hxg5 51. Rh3
Ke5 52. Rh6 Rd2+ 53. Ke1 Re2+ 54. Kd1 e3 55. Rh8 Rd2+ 56. Kc1
Ra2 57. Re8+ Kf4 0-1

[Event "European Individual Championships (Women)"]
[Site "Dresden GER"]
[Date "2007.04.06"]
[EventDate "2007.04.03"]
[Round "4"]
[Result "0-1"]
[White "Kubra Ozturk"]
[Black "Siranush Andriasian"]
[WhiteElo "2131"]
[BlackElo "2231"]
[PlyCount "122"]

1. d4 Nf6 2. Nf3 e6 3. g3 d5 4. Bg2 Be7 5. O-O O-O 6. c4 dxc4
7. Qa4 a6 8. Qxc4 b5 9. Qc2 Bb7 10. Nbd2 Nc6 11. Nb3 Nb4
12. Qd1 Be4 13. Ne1 Bxg2 14. Kxg2 e5 15. a3 Nc6 16. Nf3 e4
17. Ne5 Qd5 18. Nxc6 Qxc6 19. Kg1 Qd5 20. Bf4 Qh5 21. f3 exf3
22. exf3 Nd5 23. Bd2 Rfe8 24. f4 Qf5 25. Qf3 Rad8 26. Rac1 Bf6
27. Rfe1 Qd7 28. Rxe8+ Rxe8 29. Re1 Ne7 30. Qe4 Rd8 31. Bc3 c6
32. Bb4 Nf5 33. Bc5 h6 34. Bb6 Rb8 35. Bc5 Rd8 36. Bb6 Ra8
37. Rc1 Rc8 38. Rc2 Nd6 39. Qf3 Nc4 40. Bc5 Re8 41. Re2 a5
42. Rxe8+ Qxe8 43. Qf2 a4 44. Nc1 Qe4 45. Ne2 Qb1+ 46. Kg2
Qxb2 47. Qf3 Qd2 48. Kf2 Nb2 49. Qxc6 Nd1+ 50. Kf1 Ne3+
51. Kf2 Ng4+ 52. Kf3 Nxh2+ 53. Kf2 Ng4+ 54. Kf3 Qd3+ 55. Kxg4
Qxe2+ 56. Kh3 Qe6+ 57. Qxe6 fxe6 58. Kg4 Kf7 59. f5 Be7
60. Kf4 Bxc5 61. dxc5 exf5 0-1

[Event "European Individual Championships (Women)"]
[Site "Dresden GER"]
[Date "2007.04.08"]
[EventDate "2007.04.03"]
[Round "6"]
[Result "1-0"]
[White "Kubra Ozturk"]
[Black "Hanna-Marie Klek"]
[WhiteElo "2131"]
[BlackElo "1872"]
[PlyCount "97"]

1. d4 d5 2. c4 c6 3. e3 Nf6 4. Nc3 e6 5. Nf3 a6 6. a3 Be7
7. Bd2 dxc4 8. Bxc4 b5 9. Bd3 c5 10. dxc5 Bxc5 11. O-O O-O
12. Qe2 Bb7 13. e4 Qc7 14. Bg5 Nfd7 15. Rac1 h6 16. Bh4 Qb6
17. b4 Bd4 18. Rfd1 Bf6 19. Bg3 Rd8 20. e5 Be7 21. Ne4 Bd5
22. Nc3 Bb7 23. Bf4 Nc6 24. Bb1 Nf8 25. Ne1 Rxd1 26. Rxd1 Rd8
27. Rxd8 Qxd8 28. Qe3 Bg5 29. Bxg5 Qxg5 30. f4 Qd8 31. Nd3 Nd7
32. Ne4 Nb6 33. Nd6 Bc8 34. Ba2 Ne7 35. Nc5 Ned5 36. Qf3 Qc7
37. f5 Kh7 38. Nxc8 Qxc8 39. fxe6 fxe6 40. Bb1+ Kg8 41. Qd3
Kf8 42. Qg6 Nc7 43. Qh7 Ne8 44. Bg6 Nc4 45. Qh8+ Ke7 46. Qg8
Nxe5 47. Bxe8 Qxe8 48. Qxe6+ Kf8 49. Qxe5 1-0

[Event "European Individual Championships (Women)"]
[Site "Dresden GER"]
[Date "2007.04.09"]
[EventDate "2007.04.03"]
[Round "7"]
[Result "0-1"]
[White "Margarida Coimbra"]
[Black "Kubra Ozturk"]
[WhiteElo "2067"]
[BlackElo "2150"]
[PlyCount "72"]

1. e4 c5 2. Nc3 Nc6 3. g3 g6 4. Bg2 Bg7 5. d3 d6 6. Be3 Nf6
7. h3 Rb8 8. Qd2 Nd4 9. Nce2 e5 10. c3 Nc6 11. f4 O-O 12. Nf3
Nh5 13. g4 exf4 14. Nxf4 Nxf4 15. Bxf4 Ne5 16. O-O b5 17. Bh6
b4 18. Bxg7 Kxg7 19. cxb4 Rxb4 20. Qc3 Qf6 21. Nd2 Qe7 22. Nc4
Ba6 23. b3 Bxc4 24. dxc4 a5 25. Rad1 f6 26. Rd2 a4 27. Rfd1
axb3 28. axb3 Rfb8 29. Rxd6 Rxb3 30. Qa5 Rb1 31. Qa6 Nxc4
32. R6d3 Ne3 33. Rxe3 Rxd1+ 34. Kh2 Qe5+ 35. Rg3 Rb3 36. Qa7+
Kh6 0-1

[Event "European Individual Championships (Women)"]
[Site "Dresden GER"]
[Date "2007.04.11"]
[EventDate "2007.04.03"]
[Round "8"]
[Result "1/2-1/2"]
[White "Kubra Ozturk"]
[Black "Catarina Leite"]
[WhiteElo "2150"]
[BlackElo "2232"]
[PlyCount "109"]

1. d4 d5 2. Nf3 c6 3. Bf4 Nf6 4. e3 e6 5. Bd3 Be7 6. O-O O-O
7. h3 Nbd7 8. c4 dxc4 9. Bxc4 b5 10. Bd3 a6 11. Nc3 Bb7
12. Qe2 c5 13. dxc5 Nxc5 14. Bc2 b4 15. Na4 Nce4 16. Rfd1 Qa5
17. Ne5 Rac8 18. Nc4 Qb5 19. Nab6 Rcd8 20. f3 Nc5 21. a4 bxa3
22. bxa3 a5 23. Rab1 Qa6 24. e4 Bc6 25. a4 Ncd7 26. Be3 Bc5
27. Bd3 Qa7 28. Bc2 Rb8 29. Bxc5 Nxc5 30. Qf2 Nfd7 31. Nxd7
Rxb1 32. Nxc5 Rxd1+ 33. Bxd1 Rc8 34. Bb3 g6 35. Nd3 Qe7
36. Nxa5 Qa3 37. Qb2 Qd6 38. Nxc6 Rxc6 39. Bc2 Qc7 40. Ne1
Qa7+ 41. Kf1 h5 42. Qb5 Qc7 43. Qe2 Rc3 44. Bd3 Rc1 45. Bb5
Qc3 46. e5 Kg7 47. Qe4 Kh7 48. Qe2 Kg7 49. Bd3 Ra1 50. Bc2 Kh7
51. f4 Qg3 52. Qf2 Qc3 53. Qe2 Qg3 54. Qf2 Qc3 55. Qe2 1/2-1/2

[Event "European Individual Championships (Women)"]
[Site "Dresden GER"]
[Date "2007.04.12"]
[EventDate "2007.04.03"]
[Round "9"]
[Result "1-0"]
[White "Monika Seps"]
[Black "Kubra Ozturk"]
[WhiteElo "2265"]
[BlackElo "2150"]
[PlyCount "127"]

1. e4 c6 2. d4 d5 3. Nc3 dxe4 4. Nxe4 Bf5 5. Ng3 Bg6 6. h4 h6
7. Nf3 Nd7 8. h5 Bh7 9. Bd3 Bxd3 10. Qxd3 e6 11. Bf4 Qa5+
12. Bd2 Qc7 13. O-O-O O-O-O 14. Qe2 c5 15. Ne4 Ngf6 16. Nc3 a6
17. Rh4 Bd6 18. Be3 Kb8 19. dxc5 Nxc5 20. Rxd6 Rxd6 21. Rc4
Nfd7 22. Ne4 Rd5 23. Nxc5 Rxc5 24. Bxc5 b5 25. Rc3 Nxc5
26. Qe3 Rc8 27. Ne5 Ka8 28. Qf3+ Ka7 29. Qxf7 Qxf7 30. Nxf7
Rf8 31. Rxc5 Rxf7 32. f3 Kb6 33. Re5 Rf6 34. Kd2 Kc6 35. Re4
g6 36. hxg6 Rxg6 37. g4 Kd5 38. a4 e5 39. axb5 axb5 40. Re2
Ra6 41. Rh2 Rf6 42. Ke3 Rc6 43. Rd2+ Ke6 44. b3 Rc7 45. Rh2
Kd5 46. Rd2+ Ke6 47. Ke4 Rf7 48. Rh2 Rf4+ 49. Ke3 Rf6 50. c4
bxc4 51. bxc4 Kd6 52. Rh5 Ke6 53. Rh1 Kd6 54. Ra1 Rf4 55. Ra6+
Ke7 56. c5 Rc4 57. Rxh6 Rxc5 58. Ke4 Kf7 59. g5 Ra5 60. Rd6
Kg7 61. Re6 Kf7 62. Rxe5 Ra1 63. Kf5 Ra6 64. f4 1-0

[Event "European Individual Championships (Women)"]
[Site "Dresden GER"]
[Date "2007.04.13"]
[EventDate "2007.04.03"]
[Round "10"]
[Result "1/2-1/2"]
[White "Kubra Ozturk"]
[Black "Melanie Ohme"]
[WhiteElo "2150"]
[BlackElo "2225"]
[PlyCount "94"]

1. d4 Nf6 2. c4 g6 3. g3 Bg7 4. Bg2 O-O 5. Nf3 d6 6. O-O Nc6
7. Nc3 a6 8. h3 Bd7 9. e4 e5 10. Be3 exd4 11. Nxd4 Nxd4
12. Bxd4 c5 13. Be3 Bc6 14. Qd3 Qe7 15. Rad1 Rfd8 16. b3 b5
17. Bf4 b4 18. Nd5 Nxd5 19. exd5 Bd7 20. g4 Bc3 21. a4 f5
22. Qg3 Bc8 23. gxf5 Bxf5 24. Bg5 Bf6 25. Rfe1 Qf8 26. Re3 Re8
27. Bxf6 Qxf6 28. Rde1 Rxe3 29. Rxe3 Rf8 30. Bf3 Rf7 31. Bg4
Bxg4 32. hxg4 Re7 33. g5 Rxe3 34. Qxe3 Qf7 35. Kg2 Kf8 36. Qh3
Qe7 37. Qf3+ Kg7 38. Qf4 Qf8 39. Qe4 Qd8 40. Qf4 Qf8 41. Qe4
Qd8 42. f4 h6 43. gxh6+ Kxh6 44. Qe6 Kg7 45. Kf3 Qf6 46. Qd7+
Kh6 47. Kg4 Qb2 1/2-1/2

[Event "European Individual Championships (Women)"]
[Site "Dresden GER"]
[Date "2007.04.14"]
[EventDate "2007.04.03"]
[Round "11"]
[Result "1/2-1/2"]
[White "Elena Levushkina"]
[Black "Kubra Ozturk"]
[WhiteElo "2327"]
[BlackElo "2150"]
[PlyCount "131"]

1. e4 c6 2. d4 d5 3. exd5 cxd5 4. c4 Nf6 5. Nc3 e6 6. Nf3 Be7
7. cxd5 Nxd5 8. Bd3 Nc6 9. O-O O-O 10. Re1 Bf6 11. Be4 Nce7
12. Ne5 g6 13. Bh6 Bg7 14. Bxg7 Kxg7 15. Rc1 f6 16. Nf3 Bd7
17. Bxd5 exd5 18. h3 Rf7 19. Qb3 Bc6 20. Ne2 Qd6 21. Ng3 a6
22. Re3 Qf4 23. Rce1 Nf5 24. Nxf5+ Qxf5 25. Qb4 Raf8 26. Nd2
Qc8 27. Nb3 Re8 28. Rxe8 Bxe8 29. Qd6 Qd7 30. Qc5 Qb5 31. Re7
Qxc5 32. Rxf7+ Kxf7 33. Nxc5 Bc6 34. f3 Ke7 35. Kf2 a5 36. Ke3
b6 37. Nd3 Kd6 38. h4 Bb5 39. Nf2 Bd7 40. Nd1 g5 41. hxg5 fxg5
42. Nf2 Bf5 43. Nd1 Bg6 44. Nc3 h5 45. g3 Bf5 46. Kf2 Bd3
47. Nd1 b5 48. Ne3 Ke6 49. a3 b4 50. axb4 axb4 51. Ng2 Kf6
52. Ne3 Ke6 53. Kg2 Bb1 54. Kh3 Bf5+ 55. Kg2 Bd3 56. Kh3 Bf5+
57. Kh2 Bd3 58. g4 h4 59. f4 gxf4 60. Ng2 Kf6 61. Nxf4 Bc4
62. Kh3 Kg5 63. Ne6+ Kf6 64. Nd8 Kg5 65. Nf7+ Kf6 66. Ne5
1/2-1/2

[Event "Canadian Open"]
[Site "Ottawa Canada"]
[Date "2007.07.08"]
[EventDate "2007.07.07"]
[Round "3"]
[Result "1-0"]
[White "Kubra Ozturk"]
[Black "Joseph M Bradford"]
[WhiteElo "2150"]
[BlackElo "2412"]
[PlyCount "93"]

1. d4 Nf6 2. Nf3 e6 3. c4 d5 4. e3 Nbd7 5. Nc3 c6 6. Bd3 dxc4
7. Bxc4 b5 8. Bd3 b4 9. Ne4 Bb7 10. O-O Rb8 11. Qc2 Nxe4
12. Bxe4 c5 13. Rd1 Qc7 14. b3 Bxe4 15. Qxe4 Nf6 16. Qd3 cxd4
17. Qxd4 Be7 18. Bb2 O-O 19. Ne5 Qb7 20. Nc4 Qa6 21. Qe5 Rb5
22. Qg3 h6 23. Be5 Rd5 24. Rd4 Rfd8 25. h3 Kh7 26. Qf3 Kg8
27. Qg3 Ne8 28. Rxd5 exd5 29. Nd2 Rc8 30. Nf3 Rc2 31. Bd4 Bd6
32. Qg4 Bf8 33. Qf5 Qe2 34. Rf1 Rxa2 35. Qxd5 Nc7 36. Qd7 Nb5
37. Ne5 Nd6 38. Qd8 Rc2 39. Qh4 Qb5 40. Qg4 Rc7 41. f4 f5
42. Qg6 Qd5 43. g4 Nf7 44. gxf5 Nxe5 45. Bxe5 Qxb3 46. Bxc7
Qxe3 47. Kh2 1-0

[Event "Canadian Open"]
[Site "Ottawa Canada"]
[Date "2007.07.09"]
[EventDate "2007.07.07"]
[Round "4"]
[Result "1-0"]
[White "Thomas Roussel-Roozmon"]
[Black "Kubra Ozturk"]
[WhiteElo "2422"]
[BlackElo "2150"]
[PlyCount "58"]

1. d4 Nf6 2. c4 e6 3. Nc3 Bb4 4. Qc2 c5 5. dxc5 Bxc5 6. Nf3
Nc6 7. Bg5 h6 8. Bh4 O-O 9. Rd1 Ng4 10. e3 Qa5 11. a3 Be7
12. Bg3 Nf6 13. Nd2 a6 14. Be2 d6 15. O-O Bd7 16. Nde4 Nxe4
17. Nxe4 e5 18. Nxd6 Be6 19. c5 Qc7 20. b4 f5 21. Bc4 Bxc4
22. Qxc4 Kh7 23. Rd5 Rad8 24. Rfd1 Rf6 25. Qd3 Kh8 26. f3 Kg8
27. Nxf5 Rxd5 28. Qxd5 Kh7 29. Nd6 Rf5 1-0

[Event "Canadian Open"]
[Site "Ottawa CAN"]
[Date "2007.07.11"]
[EventDate "2007.07.07"]
[Round "6"]
[Result "1-0"]
[White "Anton Kovalyov"]
[Black "Kubra Ozturk"]
[WhiteElo "2483"]
[BlackElo "2150"]
[PlyCount "82"]

1. c4 e6 2. Nc3 Nf6 3. e4 e5 4. Nf3 Nc6 5. a3 a5 6. Be2 Be7
7. O-O O-O 8. b3 d6 9. d4 Bg4 10. d5 Bxf3 11. Bxf3 Nd4 12. Be3
Nxf3+ 13. Qxf3 Qd7 14. Qe2 Ng4 15. Bd2 c6 16. f3 Nf6 17. Be3
Ra6 18. Rab1 Rc8 19. dxc6 bxc6 20. c5 Qb7 21. Rfd1 dxc5
22. Na4 Qb5 23. Qc2 Raa8 24. Nxc5 Bxc5 25. Bxc5 Rd8 26. a4 Qb7
27. Kf2 h6 28. Qc3 Rxd1 29. Rxd1 Nd7 30. Be3 Kf8 31. Rd6 c5
32. Qd2 Ke8 33. Rd5 f6 34. Qd3 Rc8 35. Kg3 Qc6 36. Rd6 Qc7
37. Qd5 Nf8 38. Ra6 h5 39. h4 Qd7 40. Qc4 Qd1 41. Ra7 Qe2 1-0